Т. 1; Проблемы геологии и освоения недр

Podrobná bibliografie
Parent link:Проблемы геологии и освоения недр: труды XV Международного симпозиума имени академика М. А. Усова студентов и молодых ученых, посвященного 110-летию со дня основания горно-геологического образования в Сибири, г. Томск, 4-8 апреля 2011 г./ Национальный исследовательский Томский политехнический университет (ТПУ), Институт природных ресурсов (ИПР) ; Общество инженеров-нефтяников, студенческий чаптер ; под ред. О. Г. Савичева. Т. 1.— , 2011
Shrnutí:Заглавие с титульного экрана
В сборнике отражены проблемы палеонтологии, стратиграфии, тектоники, исторической и региональной геологии, минералогии, геохимии, петрологии, литологии, полезных ископаемых, металлогении, гидрогеологии, гидрогеохимии, инженерной геологии, геофизики, нефтяной геологии, геоинформационных систем в геологии, разработки нефтяных и газовых месторождений, переработкиуглеводородного сырья, нефтегазопромыслового оборудования, бурения нефтяных и газовых скважин, техники и технологии добычи, транспорта и хранения нефти и газа, горного дела, технологии и техники разведки месторождений полезных ископаемых, геоэкологии, гидрогеоэкологии, охраны и инженерной защиты окружающей среды, комплексного использования минерального сырья, землеустройства, экономики минерального сырья и горного права. Публикация сборника трудов XV Международного научного симпозиума осуществляется при информационной поддержке Министрества образования и науки РФ (Роснаука) и при поддержке Российского фонда фундаментальных исследований РФ
Jazyk:ruština
Vydáno: 2011
Témata:
On-line přístup:http://www.lib.tpu.ru/fulltext/c/2011/C11/V1/C11_V1.pdf
Médium: MixedMaterials Elektronický zdroj Kniha
KOHA link:https://koha.lib.tpu.ru/cgi-bin/koha/opac-detail.pl?biblionumber=231510

MARC

LEADER 00000nlm2a2200000 4500
001 231510
005 20231101231107.0
035 |a (RuTPU)RU\TPU\book\252532 
035 |a RU\TPU\book\252505 
090 |a 231510 
100 |a 20130201d2011 k y0rusy50 ca 
101 0 |a rus 
102 |a RU 
105 |a a z 111zy 
135 |a arnn ---uucaa 
181 0 |a i  
182 0 |a b 
200 0 |a Т. 1  |b Электронный ресурс 
203 |a Текст  |c электронный 
210 |d 2011 
230 |a 1 компьютерный файл (pdf; 21,7 MB) 
300 |a Заглавие с титульного экрана 
320 |a Библиогр. в конце статей 
330 |a В сборнике отражены проблемы палеонтологии, стратиграфии, тектоники, исторической и региональной геологии, минералогии, геохимии, петрологии, литологии, полезных ископаемых, металлогении, гидрогеологии, гидрогеохимии, инженерной геологии, геофизики, нефтяной геологии, геоинформационных систем в геологии, разработки нефтяных и газовых месторождений, переработкиуглеводородного сырья, нефтегазопромыслового оборудования, бурения нефтяных и газовых скважин, техники и технологии добычи, транспорта и хранения нефти и газа, горного дела, технологии и техники разведки месторождений полезных ископаемых, геоэкологии, гидрогеоэкологии, охраны и инженерной защиты окружающей среды, комплексного использования минерального сырья, землеустройства, экономики минерального сырья и горного права. Публикация сборника трудов XV Международного научного симпозиума осуществляется при информационной поддержке Министрества образования и науки РФ (Роснаука) и при поддержке Российского фонда фундаментальных исследований РФ 
337 |a Adobe Reader 
452 1 |0 (RuTPU)RU\TPU\book\224268  |y 978-5-98298-940-6  |t Т. 1  |d 2011  |p 501 с. 
461 1 |0 (RuTPU)RU\TPU\book\252528  |t Проблемы геологии и освоения недр  |o труды XV Международного симпозиума имени академика М. А. Усова студентов и молодых ученых, посвященного 110-летию со дня основания горно-геологического образования в Сибири, г. Томск, 4-8 апреля 2011 г.  |o в 2 т.  |f Национальный исследовательский Томский политехнический университет (ТПУ), Институт природных ресурсов (ИПР) ; Общество инженеров-нефтяников, студенческий чаптер ; под ред. О. Г. Савичева  |v Т. 1  |d 2011 
606 |a Геология  |2 stltpush  |3 (RuTPU)RU\TPU\subj\6095  |9 34054 
610 1 |a конференции 
610 1 |a труды учёных ТПУ 
610 1 |a электронный ресурс 
610 1 |a недра 
610 1 |a освоение 
610 1 |a научные труды 
610 1 |a международные симпозиумы 
610 1 |a палеонтология 
610 1 |a стратиграфия 
610 1 |a региональная геология 
610 1 |a минералогия 
610 1 |a геохимия 
610 1 |a петрография 
610 1 |a месторождения полезных ископаемых 
610 1 |a поиски 
610 1 |a разведка 
610 1 |a гидрогеология 
610 1 |a инженерная геология 
610 1 |a гидрогеохимия 
610 1 |a гидрогеоэкология 
610 1 |a геофизические методы 
610 1 |a нефть 
610 1 |a газ 
610 1 |a геоинформационные системы 
610 1 |a землеустройство 
675 |a 55(063)  |v 3 
801 2 |a RU  |b 63413507  |c 20150622  |g RCR 
856 4 |u http://www.lib.tpu.ru/fulltext/c/2011/C11/V1/C11_V1.pdf 
942 |c CF